| 000 | 01102cab a22002295a 4500 | ||
|---|---|---|---|
| 001 | L147044 | ||
| 008 | 090325e20090321xxkad f 000 0 eng d | ||
| 035 | _a(Sirsi) u147044 | ||
| 041 | 0 | _aeng | |
| 100 | 1 | _aPio Kivlehan, Noella | |
| 245 | 0 | 0 | _aEG Green |
| 260 | _c2009 | ||
| 490 | 0 |
_aEstates Gazette _v(0911) 21 March 2009, 71-93(9) |
|
| 520 | _aReports that despite the downturn and the perceived extra cost of going green, the demand for sustainable office is increasing. Reveals that a new course is helping asset managers to think green because a knowledge of sustainability issues is seen as essential. Considers whether or not firms cutting costs and not going green due to the credit crunch are missing out on an important opportunity. Reveals that plans are afoot to develop a system to help building owners see the financial benefits of going green. | ||
| 590 | _aKA | ||
| 651 | 4 |
_aUnited Kingdom _y |
|
| 690 | _aENVIRONMENTAL AND LAND CONSULTANCY-ENERGY-ENERGY USE-ENERGY EFFICIENCY | ||
| 700 | 1 | _aOsborne, Helen | |
| 700 | 1 | _aThame, David | |
| 700 | 1 | _aQuinn, David | |
| 942 | _n0 | ||
| 999 |
_c81359 _d81359 |
||